<?xml version="1.0" encoding="UTF-8"?><?xml-stylesheet type="text/xsl" href="static/style.xsl"?><OAI-PMH xmlns="http://www.openarchives.org/OAI/2.0/" xmlns:xsi="http://www.w3.org/2001/XMLSchema-instance" xsi:schemaLocation="http://www.openarchives.org/OAI/2.0/ http://www.openarchives.org/OAI/2.0/OAI-PMH.xsd"><responseDate>2026-06-29T22:56:14Z</responseDate><request verb="GetRecord" identifier="oai:riubu.ubu.es:10259/6821" metadataPrefix="marc">https://riubu.ubu.es/oai/request</request><GetRecord><record><header><identifier>oai:riubu.ubu.es:10259/6821</identifier><datestamp>2023-12-14T10:23:41Z</datestamp><setSpec>com_10259_4201</setSpec><setSpec>com_10259_5086</setSpec><setSpec>com_10259_2604</setSpec><setSpec>col_10259_4505</setSpec></header><metadata><record xmlns="http://www.loc.gov/MARC21/slim" xmlns:doc="http://www.lyncode.com/xoai" xmlns:xsi="http://www.w3.org/2001/XMLSchema-instance" xmlns:dcterms="http://purl.org/dc/terms/" xsi:schemaLocation="http://www.loc.gov/MARC21/slim http://www.loc.gov/standards/marcxml/schema/MARC21slim.xsd">
<leader>00925njm 22002777a 4500</leader>
<datafield tag="042" ind1=" " ind2=" ">
<subfield code="a">dc</subfield>
</datafield>
<datafield tag="720" ind1=" " ind2=" ">
<subfield code="a">Verbeeten, Wilco M.H.</subfield>
<subfield code="e">author</subfield>
</datafield>
<datafield tag="720" ind1=" " ind2=" ">
<subfield code="a">Lorenzo Bañuelos, Miriam</subfield>
<subfield code="e">author</subfield>
</datafield>
<datafield tag="260" ind1=" " ind2=" ">
<subfield code="c">2022-11</subfield>
</datafield>
<datafield tag="520" ind1=" " ind2=" ">
<subfield code="a">The effect that the infill orientation angle has on the strain-rate dependence of the yield stress for material&#xd;
extrusion additive manufactured (ME-AM) PolyLactic Acid (PLA) material was investigated. Symmetric angleply stacking sequences were used to produce ME-AM tensile test samples. Measured yield stresses were&#xd;
compensated for the voided structure, typical of ME-AM components. Furthermore, molecular orientation and&#xd;
stretch was macroscopically assessed by a thermal shrinkage procedure. Additionally, hot-press compression&#xd;
molded (CM) samples were manufactured and mechanically characterized in uniaxial tensile and compression&#xd;
in order to determine the material’s isotropic bulk properties. Initial model parameters for the Ree–Eyring&#xd;
modification of the Eyring flow rule were determined using CM data. According to SEM fractography, all&#xd;
samples showed microscopically brittle fracture behavior. Notwithstanding, contrary to CM samples, ME-AM&#xd;
specimens showed macroscopically ductile stress–strain behavior and a transition from a regime with only&#xd;
a primary 𝛼-deformation process, at low strain rates, to a regime with 2 deformation processes (𝛼 + 𝛽), at&#xd;
high strain rates. These effects are an influence of the processing step and are attributed to the molecular&#xd;
orientation and stretch of the polymer chains, provoking anisotropic mechanical properties. As a consequence,&#xd;
a deformation-induced change of the Eyring rate constants is needed to adequately describe the strain-rate&#xd;
dependence of the ME-AM yield stress behavior, leaving the initial activation volumes unchanged. Taking this&#xd;
deformation-dependence of the rate constants into account, yield stresses as a function of infill orientation&#xd;
angle can be appropriately predicted.</subfield>
</datafield>
<datafield tag="024" ind2=" " ind1="8">
<subfield code="a">2214-8604</subfield>
</datafield>
<datafield tag="024" ind2=" " ind1="8">
<subfield code="a">http://hdl.handle.net/10259/6821</subfield>
</datafield>
<datafield tag="024" ind2=" " ind1="8">
<subfield code="a">10.1016/j.addma.2022.103079</subfield>
</datafield>
<datafield ind1=" " ind2=" " tag="653">
<subfield code="a">PLA</subfield>
</datafield>
<datafield ind1=" " ind2=" " tag="653">
<subfield code="a">Angle-ply laminate configuration</subfield>
</datafield>
<datafield ind1=" " ind2=" " tag="653">
<subfield code="a">Anisotropic strain-rate dependent yield stress</subfield>
</datafield>
<datafield ind1=" " ind2=" " tag="653">
<subfield code="a">Ree–Eyring rate equation</subfield>
</datafield>
<datafield tag="245" ind1="0" ind2="0">
<subfield code="a">Material Extrusion Additive Manufacturing of Poly(Lactic Acid): Influence of infill orientation angle</subfield>
</datafield>
</record></metadata></record></GetRecord></OAI-PMH>